000 00466nam a2200157 i 4500
001 44007
003 ES-MaACL
005 20230906160929.0
007 t|
008 030320s1917 fr ||||1| fre d
100 1 _aCazamian, Louis.
_937227
245 1 3 _aLa Grande-Bretagne et la guerre
_b: esquisse d'une evolution sociale /
_cLouis Cazamian.
260 _aParis :
_b[s.n.,
_c1917] (
_fHemmerlé et Cie.)
300 _a332 p. ;
_c18 cm.
852 _aES-MaACL
_jF-6387
999 _c44007
_d44007